Endonezya Ülke Testi - Statistics

General Stats
  • This quiz has been taken 109 times
  • The average score is 7 of 24
Answer Stats
İpucu Cevap % Correct
Endonezyalıların %87,2'si bu dine mensup İslam
82%
Endonezya’ya sınırı olan ülkeler Malezya
79%
Endonezya’ya sınırı olan ülkeler Papua Yeni Gine
63%
Başkent Cakarta
62%
Ulusal hayvan {Komodo} Ejderi
55%
Endonezya’da, 2004'te bu tür bir felaketten 130.000 kişi öldü. Tsunami
55%
Endonezya’ya sınırı olan ülkeler Doğu Timor
51%
Endonezya'yı sömürgeleştiren ülke Hollanda
51%
En ünlü tatil adası Bali
38%
En büyük adaları Sumatra
23%
En büyük adaları Cava
20%
Endonezya, bu büyük maymunun en büyük nüfusuna sahip ülkedir. Orangutan
20%
En büyük adaları Borneo
18%
En büyük adaları Yeni Gine
15%
O şehrin takma adı (ipucu: kokuşmuş bir meyve) Büyük {Durian}
10%
17. ve 18. yüzyıllardaki ünlü ihracat Baharat
9%
Rafflesia arnoldii bunlardan dünyanın en büyük ve muhtemelen en kötü kokulu olanıdır. Çiçek
9%
Endonezya’nın para birimi Rupiah
9%
Endonezya'nın ilk iki Cumhurbaşkanı (herhangi birini girin) Sukarno | Suharto
9%
En büyük adaları Sulawesi
9%
Borobudur, bunlardan dünyanın en büyüğüdür {Budist} Tapınağı
7%
O adanın başkenti Denpasar
5%
74.000 yıl önce patlayan ve neredeyse insanların neslinin tükenmesine neden olan süper volkan {Toba} Gölü
4%
19. yüzyılın büyük volkanik patlamaları (ikisinden birini girin) Karakatau | Tambora
2%
No matching quizzes found
Score Distribution
Percent of People with Each Score
Percentile by Number Answered
Your Score History
You have not taken this quiz